00915cam a22002291 4500001001300000003000400013005001700017008004100034010001700075035001900092040002500111042001200136043001200148050001500160100003200175245032800207260003600535300002900571651004200600651002600642999001700668d 01000344 DLC20260227111148.0801014m18021805ne a 000 0 dut  ad 01000344  a(OCoLC)6824257 aDLCcCLUdOCoLCdDLC apremarc ae-ne---00aDH131b.K61 aKluit, Adriaan,d1736-1807.10aHistorie der Hollandsche staatsregering,btot aan het jaar 1795. Of geschied- en staatkundig onderzoek, in welken zin de staten van Holland, gedurende de republikeinsche regering, zijn geweest de wettige souvereine vertegenwoordigers van't gansche volk van Holland, of der geheele natie.cMet vele onuitgegeven bijlagen ... aAmsterdam,bW. Brave,c1802-05. a5 v.bfold. tab.c22 cm. 0aNetherlandsxPolitics and government. 0aNetherlandsxHistory. c18640d18640